| 000 | 00348cam a2200145ua 4500 | ||
|---|---|---|---|
| 041 |
_aeng _h |
||
| 082 |
_a823.308 _bCON/WA |
||
| 100 | _aO Connor, Edwin . | ||
| 245 |
_aI was dancing / _cEdwin O Connor. _hTextual Documents |
||
| 260 |
_aLondon : _bBodley Head , _c1995. |
||
| 300 | _a190 ; . | ||
| 504 | _a | ||
| 942 | _cBK | ||
| 999 |
_c11811 _d11811 |
||